000 00944nam a2200289Ia 4500
003 OSt
005 20221006141137.0
006 a|||||r|||| 00| 0
007 ta
008 221006b |||||||| |||| 00| 0 eng d
024 _a1,431
037 _cDissertations
040 _aEASL
_cEASL
_beng
041 _2eng
_aeng
082 _a0000033, MOI
100 _aMoirangthem Lakshmi Kumar
_9644521
110 _aDelhi University. Social Sciences. Chinese and Japanese Studies
_9644522
245 0 _aSan Francisco peace treaty
_b A study of its background and significance B. M. Tankha
260 _c1984
300 _a147p.
_ccm.
490 _v A Dis
500 _aBoth Acc. Nos. are of same dissertation
650 _aDiss
_9644523
700 _aDelhi University. Social Sciences. Chinese and Japanese Studies
_9644524
942 _h0000033, MOI
_cDIS
_2CC
999 _c1069517
_d1069517